Migrácia z perspektívy krajín Európskej únie
Akcelerácia migrácie v Európe v 80. a začiatkom 90. rokov 20. storočia. Koordinácia migračnej politiky v Európskej únii. Modely migrácie: severský model, dočasný model a imigrácia spojená s koloniálnymi, kultúrnymi a etnickými väzbami. Migračná politika Európskej únie. Opatrenia na zlepšenie spolupr...
Gespeichert in:
| 1. Verfasser: | |
|---|---|
| Format: | Buchkapitel |
| Sprache: | Slowakisch |
| Schlagworte: | |
| Tags: |
Keine Tags, Fügen Sie das erste Tag hinzu!
|
MARC
| LEADER | 00000naa$a2200000$$$4500 | ||
|---|---|---|---|
| 001 | 0053444 | ||
| 005 | 20240502071622.2 | ||
| 041 | 0 | |a slo | |
| 044 | |a SK | ||
| 245 | 1 | 0 | |a Migrácia z perspektívy krajín Európskej únie |c Juraj Skovajsa |
| 520 | |a Akcelerácia migrácie v Európe v 80. a začiatkom 90. rokov 20. storočia. Koordinácia migračnej politiky v Európskej únii. Modely migrácie: severský model, dočasný model a imigrácia spojená s koloniálnymi, kultúrnymi a etnickými väzbami. Migračná politika Európskej únie. Opatrenia na zlepšenie spolupráce pri vykázaní ilegálnych migrantov. Spolupráca v oblasti migrácie medzi Európskou úniou a krajinami Ázie, Pacifiku a Karibiku. Vplyv migrácie na ekonomiku a pracovný trh. Imigrácia a distribúcia dôchodkov. | ||
| 610 | 2 | 0 | |a migrácia |
| 610 | 2 | 0 | |a imigrácia |
| 610 | 2 | 0 | |a pohyb síl pracovných medzinárodný |
| 610 | 2 | 0 | |a trh práce |
| 610 | 2 | 0 | |a zamestnanosť |
| 610 | 2 | 0 | |a úroveň životná |
| 610 | 2 | 0 | |a podmienky sociálne |
| 610 | 2 | 0 | |a Európska únia |
| 100 | 1 | |a Skovajsa, Juraj | |